| 000 | 00538cam a22002171 4500 | ||
|---|---|---|---|
| 001 | sa 64004526 | ||
| 003 | DLC | ||
| 005 | 20260227112025.0 | ||
| 008 | 890516s1963 ii c 000 0 hino | ||
| 010 | _asa 64004526 | ||
| 035 | _a(OCoLC)19715934 | ||
| 040 |
_aDLC _cWaU _dDLC |
||
| 042 | _apremarc | ||
| 050 | 0 | 0 |
_aPK2098.S559 _bZ85 |
| 100 | 1 | _aSinha, Savitri. | |
| 245 | 1 | 0 | _aYugacāraṇa Dinakara. |
| 260 | _c[1963] | ||
| 300 |
_a312 p. _bports. _c23 cm. |
||
| 500 | _aIn Hindi. | ||
| 600 | 1 | 0 |
_aDinkar, Ramdhari Sinha, _d1908-1974. |
| 999 |
_c58566 _d58566 |
||